000 00805nam a2200265 a 4500
001 1458
003 BD-RjUL
005 20211208233336.0
008 131125s2012 bg a 00| 0 eng d
020 _a9789843346209
035 _a(BD-RjUL)1481
040 _aBD-RjUL
_cBD-RjUL
_dBD-RjUL
_beng
041 _aeng
082 _223
_a306.095492
_bRAC 2012
100 1 _aRahman, Md. Atiqur
_93557
245 1 0 _aCulture & heritage of Bangladesh /
_cMd. Atiqur Rahman, Murshid Ferdous Binte Habib, Md. Solaiman
246 _a1st edition
260 _aRajshahi :
_bUITS,
_c2012.
300 _a228 p. :
_bill ;
_c18 cm.
651 _aBangladesh
_xSocial life and customs
_9116370
700 _aHabib, Murshid Ferdous Binte
_9116368
700 _aSolaiman, Md.
_9116369
942 _2ddc
_cBK
999 _c1458
_d1458